Vplyv zmeny poplatkovej politiky na sporiteľa v kapitalizačnom pilieri dôchodkového sporenia v SR
Poplatková politika v dôchodkovom sporení v SR ako hra politikov. Zmena poplatkovej politiky v roku 2009 a dopad na investičné stratégie správcov. Analýza dopadu navrhovaných scenárov poplatkovej politiky na sporiteľov.
Enregistré dans:
| Auteur principal: | |
|---|---|
| Autres auteurs: | |
| Format: | Chapitre de livre |
| Langue: | slovaque |
| Sujets: | |
| Tags: |
Pas de tags, Soyez le premier à ajouter un tag!
|
MARC
| LEADER | 00000naa a2200000 4500 | ||
|---|---|---|---|
| 001 | 0123049 | ||
| 005 | 20231116103143.8 | ||
| 041 | 0 | |a slo | |
| 044 | |a SK | ||
| 245 | 1 | 0 | |a Vplyv zmeny poplatkovej politiky na sporiteľa v kapitalizačnom pilieri dôchodkového sporenia v SR |c Tomáš Virdzek, Jana Štrangfeldová |
| 520 | |a Poplatková politika v dôchodkovom sporení v SR ako hra politikov. Zmena poplatkovej politiky v roku 2009 a dopad na investičné stratégie správcov. Analýza dopadu navrhovaných scenárov poplatkovej politiky na sporiteľov. | ||
| 610 | 2 | 0 | |a Slovensko |
| 610 | 2 | 0 | |a reformy dôchodkové |
| 610 | 2 | 0 | |a spoločnosti správcovské dôchodkové |
| 610 | 2 | 0 | |a sporenie dôchodkové |
| 610 | 2 | 0 | |a kapitalizácia |
| 100 | 1 | |a Virdzek, Tomáš | |
| 700 | 1 | |a Štrangfeldová, Jana | |